| 000 -LEADER |
| fixed length control field |
00699nam a2200229 a 4500 |
| 001 - CONTROL NUMBER |
| control field |
1461 |
| 003 - CONTROL NUMBER IDENTIFIER |
| control field |
BD-DhUAP |
| 005 - DATE AND TIME OF LATEST TRANSACTION |
| control field |
20210113150830.0 |
| 008 - FIXED-LENGTH DATA ELEMENTS--GENERAL INFORMATION |
| fixed length control field |
210113r19781978ii anyua b 001 0 eng d |
| 020 ## - INTERNATIONAL STANDARD BOOK NUMBER |
| International Standard Book Number |
0070993874 |
| 040 ## - CATALOGING SOURCE |
| Original cataloging agency |
DLC |
| Transcribing agency |
DLC |
| Modifying agency |
BD-DhUAP |
| Language of cataloging |
eng |
| 082 00 - DEWEY DECIMAL CLASSIFICATION NUMBER |
| Classification number |
629.89 KOH |
| Edition number |
23 |
| 100 1# - MAIN ENTRY--PERSONAL NAME |
| Personal name |
Kohavi, Zvi. |
| 9 (RLIN) |
32607 |
| 245 10 - TITLE STATEMENT |
| Title |
Switching and finite automata theory / |
| Statement of responsibility, etc. |
Zvi Kohavi. |
| 250 ## - EDITION STATEMENT |
| Edition statement |
2d ed. |
| 260 ## - PUBLICATION, DISTRIBUTION, ETC. |
| Place of publication, distribution, etc. |
New Delhi : |
| Name of publisher, distributor, etc. |
Tata McGraw-Hill, |
| Date of publication, distribution, etc. |
c1978 [Reprinted 1996]. |
| 300 ## - PHYSICAL DESCRIPTION |
| Extent |
xiii, 658 pages : |
| Other physical details |
illustrations ; |
| Dimensions |
24 cm. |
| 504 ## - BIBLIOGRAPHY, ETC. NOTE |
| Bibliography, etc. note |
Includes bibliographies and index. |
| 650 #0 - SUBJECT ADDED ENTRY--TOPICAL TERM |
| Topical term or geographic name entry element |
Sequential machine theory. |
| 9 (RLIN) |
32608 |
| 650 #0 - SUBJECT ADDED ENTRY--TOPICAL TERM |
| Topical term or geographic name entry element |
Switching theory. |
| 9 (RLIN) |
32609 |
| 942 ## - ADDED ENTRY ELEMENTS (KOHA) |
| Source of classification or shelving scheme |
|
| Koha item type |
Book |